书目信息 |
| 题名: |
盐的景观
|
|
| 作者: | 朱千华 著 | |
| 分册: | 中国篇 | |
| 出版信息: | 北京 中国林业出版社 2014 |
|
| 页数: | 251页 | |
| 开本: | 24cm | |
| 丛书名: | 地理系列丛书 | |
| 单 册: | ||
| 中图分类: | O611.65 | |
| 科图分类: | ||
| 主题词: | 盐--普及读物 , 盐--地理分布--中国 | |
| 电子资源: | ||
| ISBN: | 978-7-5038-7676-9 | |
| 000 | 00932oam2 2200277 450 | |
| 001 | 012015000269 | |
| 005 | 20151130091515.06 | |
| 010 | @a978-7-5038-7676-9@dCNY68.00 | |
| 100 | @a20150604d2014 em y0chiy50 ea | |
| 101 | 0 | @achi |
| 102 | @aCN@b110000 | |
| 105 | @aa z 000yy | |
| 106 | @ar | |
| 200 | 1 | @a盐的景观@Ayan de jing guan@i中国篇@i中国人的咸淡风光@f朱千华著 |
| 210 | @a北京@c中国林业出版社@d2014 | |
| 215 | @a251页@c照片@d24cm | |
| 225 | 2 | @a地理系列丛书 |
| 300 | @a地理中国 | |
| 330 | @a本书介绍中国各地的盐的景观,收录的内容有:“盐的五颜六色”、“盐湖:皑皑漫漫,璀璨晶明”、“海盐:冰颜如玉”、“井盐:盐花如雪”、“岩盐:回眸一瞬,积雪百里”、“苍茫古盐道”等。 | |
| 410 | 0 | @12001 @a地理系列丛书 |
| 606 | 0 | @a盐@j普及读物 |
| 606 | 0 | @a盐@x地理分布@y中国 |
| 690 | @aO611.65@v5 | |
| 701 | 0 | @a朱千华@Azhu qian hua@f(1965-)@4著 |
| 801 | 0 | @aCN@b碧洲教育@c20151127 |
| 905 | @a10447@f3@dO611.65@e26 | |
| 盐的景观.中国篇.中国人的咸淡风光/朱千华著.-北京:中国林业出版社,2014 |
| 251页:照片;24cm.-(地理系列丛书) |
| 地理中国 |
| ISBN 978-7-5038-7676-9:CNY68.00 |
| 本书介绍中国各地的盐的景观,收录的内容有:“盐的五颜六色”、“盐湖:皑皑漫漫,璀璨晶明”、“海盐:冰颜如玉”、“井盐:盐花如雪”、“岩盐:回眸一瞬,积雪百里”、“苍茫古盐道”等。 |
| ● |
| 相关链接 |
|
|
|
|
正题名:盐的景观
索取号:O611.65/26
 
预约/预借
| 序号 | 登录号 | 条形码 | 馆藏地/架位号 | 状态 | 备注 |
| 1 | 0871232 | 208712320 | 第二样本阅览室/ [索取号:O611.65/26] | 在馆 | |
| 2 | 0871233 | 208712339 | 第三借阅区/ [索取号:O611.65/26] | 在馆 | |
| 3 | 0871234 | 208712348 | 第三借阅区/ [索取号:O611.65/26] | 在馆 |